<?xml version="1.0" encoding="UTF-8"?>
<record
    xmlns:xsi="http://www.w3.org/2001/XMLSchema-instance"
    xsi:schemaLocation="http://www.loc.gov/MARC21/slim http://www.loc.gov/standards/marcxml/schema/MARC21slim.xsd"
    xmlns="http://www.loc.gov/MARC21/slim">

  <leader>00743nam a22001817a 4500</leader>
  <controlfield tag="003">UA-OsUOA</controlfield>
  <controlfield tag="001"> 16219 </controlfield>
  <controlfield tag="007">ta</controlfield>
  <controlfield tag="008">20031223b un ||||| |||| 00| 0 ukr d</controlfield>
  <datafield tag="100" ind1=" " ind2=" ">
    <subfield code="a">&#x428;&#x435;&#x441;&#x442;&#x430;&#x43B;&#x44E;&#x43A; &#x422;.</subfield>
  </datafield>
  <datafield tag="942" ind1=" " ind2=" ">
    <subfield code="c">SA</subfield>
  </datafield>
  <datafield tag="040" ind1=" " ind2=" ">
    <subfield code="a">UA-OsUOA</subfield>
    <subfield code="c">UA-OsUOA</subfield>
    <subfield code="d">UA-OsUOA</subfield>
  </datafield>
  <datafield tag="245" ind1=" " ind2=" ">
    <subfield code="a">&#x422;&#x430;&#x43C; , &#x434;&#x435; &#x43F;&#x440;&#x430;&#x446;&#x44E;&#x454; "&#x411;&#x435;&#x440;&#x43A;&#x443;&#x442;" , &#x43D;&#x435; &#x434;&#x43E;&#x43F;&#x443;&#x441;&#x43A;&#x430;&#x454;&#x442;&#x44C;&#x441;&#x44F; &#x43F;&#x43E;&#x440;&#x443;&#x448;&#x435;&#x43D;&#x44C; &#x433;&#x440;&#x43E;&#x43C;&#x430;&#x434;&#x441;&#x44C;&#x43A;&#x43E;&#x433;&#x43E; &#x43F;&#x43E;&#x440;&#x44F;&#x434;&#x43A;&#x443;</subfield>
    <subfield code="b">[&#x420;&#x43E;&#x437;&#x43C;&#x43E;&#x432;&#x430; &#x437; &#x43A;&#x43E;&#x43C;&#x430;&#x43D;&#x434;&#x438;&#x440;&#x43E;&#x43C; &#x41E;&#x420;&#x41C;&#x428;&#x420; "&#x411;&#x435;&#x440;&#x43A;&#x443;&#x442;" &#x43C;&#x430;&#x439;&#x43E;&#x440;&#x43E;&#x43C; &#x43C;&#x456;&#x43B;&#x456;&#x446;&#x456;&#x457; &#x422;.&#x428;&#x435;&#x43B;&#x435;&#x441;&#x442;&#x44E;&#x43A;&#x43E;&#x43C;]/ &#x41D;.&#x421;&#x430;&#x432;&#x447;&#x435;&#x43D;&#x43A;&#x43E;</subfield>
  </datafield>
  <datafield tag="300" ind1=" " ind2=" ">
    <subfield code="a">&#x421;.3</subfield>
  </datafield>
  <datafield tag="955" ind1=" " ind2=" ">
    <subfield code="a">0</subfield>
  </datafield>
  <datafield tag="773" ind1="0" ind2=" ">
    <subfield code="w">0</subfield>
    <subfield code="t">&#x417;&#x430;&#x43A;&#x43E;&#x43D;. &#x41F;&#x440;&#x430;&#x432;&#x43E;</subfield>
    <subfield code="d">&#x420;&#x456;&#x432;&#x43D;&#x435;</subfield>
    <subfield code="d">2003</subfield>
    <subfield code="g">&#x2116;23/24/&#x413;&#x440;&#x443;&#x434;./</subfield>
  </datafield>
  <datafield tag="650" ind1=" " ind2="7">
    <subfield code="a">&#x41A;&#x440;&#x430;&#x454;&#x437;&#x43D;&#x430;&#x432;&#x447;&#x430; &#x440;&#x43E;&#x431;&#x43E;&#x442;&#x430;</subfield>
    <subfield code="2">UDC</subfield>
  </datafield>
  <datafield tag="999" ind1=" " ind2=" ">
    <subfield code="c">302384</subfield>
    <subfield code="d">302384</subfield>
  </datafield>
</record>
